000 00244nmm a2200085Ia 4500
008 150209s2015||||xx |||||||||||||||||und||
100 _aROCK, JOHN A
245 _aSURGICAL PROCIDURE DVD TO ACCOMPNCY Te LINDE'S OPERATIVE GYNEACOLOGY
942 _2ddc
_cCD
999 _c5916
_d5916